Cities and their Rivers - Statistics

General Stats
  • This quiz has been taken 39 times
  • The average score is 13 of 18
Answer Stats
City River % Correct
Cairo Nile
100%
London Thames
100%
Vienna Danube
91%
New York City Hudson
91%
New Orleans Mississippi
91%
Paris Seine
91%
Montreal St. Lawrence
89%
Washington D.C. Potomac
86%
Kinshasa Congo
83%
Rome Tiber
83%
Jinan Yellow
80%
Baghdad Tigris
77%
Shanghai Yangtze
77%
Manaus Amazon
74%
Kansas City Missouri
74%
Moscow Moskva
17%
Bogotá Bogotá
11%
Sydney Parramatta
11%
No matching quizzes found
Score Distribution
Percent of People with Each Score
Percentile by Number Answered
Your Score History
You have not taken this quiz